000 00633cam a22002293a 4500
001 23164
003 PGUSA
005 20140828083507.0
008 071024s2007||||xxu|||||s|||||000 1 eng d
040 _aPGUSA
_beng
042 _adc
050 4 _aPS
100 1 _aLeiber, Fritz,
_d1910-1992
245 1 4 _aThe Creature from Cleveland Depths
_h[electronic resource] /
_cFritz Leiber
260 _bProject Gutenberg,
_c2007
506 _aPublic domain in the USA.
516 _aElectronic text
653 _aScience fiction
830 0 _aProject Gutenberg
_v23164
856 4 0 _uhttp://www.gutenberg.org/ebooks/23164
942 _cEB
999 _c252419
_d252419